000 00321nam a2200121Ia 4500
005 20250423095903.0
008 250422s9999 xx 000 0 und d
020 _a0- 316- 35975- 0
245 0 _aIstructor’s manual to accompany conceptual physics
260 _bLittle, brown and company
260 _c1985
942 _cBK
999 _c31632
_d31632